One God in three persons : (Record no. 6421)
[ view plain ]
| 000 -LEADER | |
|---|---|
| fixed length control field | 02360cam a2200349 i 4500 |
| 001 - CONTROL NUMBER | |
| control field | 858901141 |
| 003 - CONTROL NUMBER IDENTIFIER | |
| control field | OCoLC |
| 005 - DATE AND TIME OF LATEST TRANSACTION | |
| control field | 20190116194159.0 |
| 008 - FIXED-LENGTH DATA ELEMENTS--GENERAL INFORMATION | |
| fixed length control field | 141119s2015 ilu b 001 0 eng |
| 010 ## - LIBRARY OF CONGRESS CONTROL NUMBER | |
| LC control number | 2014034078 |
| 020 ## - INTERNATIONAL STANDARD BOOK NUMBER | |
| International Standard Book Number | 9781433528422 (tp) |
| 020 ## - INTERNATIONAL STANDARD BOOK NUMBER | |
| International Standard Book Number | 1433528428 (tp) |
| 035 ## - SYSTEM CONTROL NUMBER | |
| System control number | (OCoLC)858901141 |
| Canceled/invalid control number | (OCoLC)911788924 |
| 040 ## - CATALOGING SOURCE | |
| Original cataloging agency | DLC |
| Language of cataloging | eng |
| Description conventions | rda |
| Transcribing agency | DLC |
| Modifying agency | BTCTA |
| -- | BDX |
| -- | OCLCF |
| -- | TLE |
| -- | YDXCP |
| 042 ## - AUTHENTICATION CODE | |
| Authentication code | pcc |
| 050 00 - LIBRARY OF CONGRESS CALL NUMBER | |
| Classification number | BT111.3 |
| Item number | .O54 2015 |
| 082 00 - DEWEY DECIMAL CLASSIFICATION NUMBER | |
| Classification number | 231 |
| Edition number | 23 |
| Item number | W267O |
| 092 ## - LOCALLY ASSIGNED DEWEY CALL NUMBER (OCLC) | |
| Classification number | 231.044 |
| Item number | On2w |
| 245 00 - TITLE STATEMENT | |
| Title | One God in three persons : |
| Remainder of title | unity of essence, distinction of persons, implications for life / |
| Statement of responsibility, etc. | edited by Bruce A. Ware and John Starke. |
| 264 #1 - PRODUCTION, PUBLICATION, DISTRIBUTION, MANUFACTURE, AND COPYRIGHT NOTICE | |
| Place of production, publication, distribution, manufacture | Wheaton, Illinois : |
| Name of producer, publisher, distributor, manufacturer | Crossway, |
| Date of production, publication, distribution, manufacture, or copyright notice | [2015] |
| 300 ## - PHYSICAL DESCRIPTION | |
| Extent | 265 pages ; |
| Dimensions | 23 cm |
| 336 ## - CONTENT TYPE | |
| Content type term | text |
| Source | rdacontent |
| 337 ## - MEDIA TYPE | |
| Media type term | unmediated |
| Source | rdamedia |
| 338 ## - CARRIER TYPE | |
| Carrier type term | volume |
| Source | rdacarrier |
| 504 ## - BIBLIOGRAPHY, ETC. NOTE | |
| Bibliography, etc. note | Includes bibliographical references and indexes. |
| 505 0# - FORMATTED CONTENTS NOTE | |
| Formatted contents note | Doctrinal deviations in evangelical-feminist arguments about the Trinity / Wayne Grudem -- "I always do what pleases him" : the Father and Son in the Gospel of John / Christopher W. Cowan -- God is the head of Christ : does 1 Corinthians 11:3 ground gender complementarity in the immanent Trinity? / Kyle Claunch -- "That God may be all in all" : the Trinity in 1 Corinthians 15 / James H. Hamilton -- Eternal generation in the Church Fathers / Robert Letham -- True sonship; where dignity and submission meet : a fourth-century discussion / Michael J. Ovey -- Augustine and his interpreters / John Starke -- "To devote ourselves to the Blessed Trinity" : eighteenth-century particular Baptists, Andrew Fuller, and the defense of "Trinitarian communities" / Michael A. G. Haykin -- An examination of three recent philosophical arguments against hierarchy in the immanent Trinity / Philip R. Gons and Andrew David naselli -- Simplicity, Triunity, and the incomprehensibility of God / K. Scott Oliphint -- Does affirming an eternal authority-submission relationship in the Trinity entail a denial of homoousios? : a response to Millard Erickson and Tom Mccall / Bruce A. Ware. |
| 650 #0 - SUBJECT ADDED ENTRY--TOPICAL TERM | |
| Topical term or geographic name entry element | Trinity. |
| 700 1# - ADDED ENTRY--PERSONAL NAME | |
| Personal name | Ware, Bruce A., |
| Dates associated with a name | 1953- |
| 700 1# - ADDED ENTRY--PERSONAL NAME | |
| Personal name | Starke, John, |
| Dates associated with a name | 1981- |
| 776 08 - ADDITIONAL PHYSICAL FORM ENTRY | |
| Relationship information | Online version: |
| Title | One God in three persons |
| Place, publisher, and date of publication | Wheaton, Illinois : Crossway, [2015] |
| International Standard Book Number | 9781433528439 |
| Record control number | (DLC) 2014046027. |
| 942 ## - ADDED ENTRY ELEMENTS (KOHA) | |
| Source of classification or shelving scheme | Dewey Decimal Classification |
| Koha item type | Books |
| Withdrawn status | Lost status | Source of classification or shelving scheme | Damaged status | Not for loan | Collection code | Home library | Current library | Shelving location | Date acquired | Cost, normal purchase price | Total Checkouts | Full call number | Barcode | Date last seen | Price effective from | Koha item type |
|---|---|---|---|---|---|---|---|---|---|---|---|---|---|---|---|---|
| Dewey Decimal Classification | Non-fiction | Harvest Mission College | Harvest Mission College | General Stacks | 16.01.2019 | 1530.00 | 231 W267O | 006938 | 16.01.2019 | 16.01.2019 | Books |
